000 00558cab a2200205 4500
001 X3539
008 090401t1996 xxu||||| |||| 00| 0 eng d
035 _a(Sirsi) u31059
041 _aeng
245 _aRICS disciplinary proceedings explained
260 _c1996
350 _a0
490 _aCSM (Chartered Surveyor Monthly)
_v5(8) May 1996, 28-29(2)
650 _aDISCIPLINARY PROCEDURES
650 _aPROFESSIONAL CONDUCT
650 _aRICS
690 _aMANAGEMENT-BUSINESS MANAGEMENT-PROFESSIONAL PRACTICE
942 _n0
948 _c04/03/1997
999 _c20878
_d20878